[Event "AUT-ch 2018"]
[Site "Vienna"]
[Date "2018.07.23"]
[Round "3"]
[White "Frank, Emanuel"]
[Black "Neumeier, Klaus"]
[Result "1-0"]
[WhiteElo "2161"]
[BlackElo "2284"]
[Annotator "NA"]
[PlyCount "59"]
[EventDate "2018.07.22"]
[EventType "swiss"]
[EventCountry "AUT"]
[SourceTitle "playchess.com"]
[Source "ChessBase"]
[SourceQuality "1"]
[TimeControl "40/5400+30:1800+30"]

1. d4 {[%emt 0:00:00]} Nf6 {[%emt 0:00:08]} 2. c4 {[%emt 0:00:00]} e6 {[%emt 0:00:30]} 3. g3 {[%emt 0:00:00]} c5 {[%emt 0:00:15]} 4. d5 {[%emt 0:00:00]} exd5 {[%emt 0:00:11]} 5. cxd5 {[%emt 0:00:00]} d6 {[%emt 0:00:25]} 6. Nc3 {[%emt 0:00:02]} g6 {[%emt 0:00:19]} 7. Bg2 {[%emt 0:00:04]} Bg7 {[%emt 0:00:10]} 8. Nf3 {[%emt 0:00:04]} O-O {[%emt 0:00:18]} 9. O-O {[%emt 0:00:03]} Re8 {[%emt 0:00:26]} 10. Bf4 {[%emt 0:00:10]} Ne4 {[%emt 0:02:40]} 11. Nxe4 {[%emt 0:00:11]} Rxe4 {[%emt 0:00:08]} 12. Nd2 {[%emt 0:00:04]} Rxf4 {[%emt 0:00:33]} 13. gxf4 {[%emt 0:00:02]} Bxb2 {[%emt 0:00:08]} 14. Rb1 {[%emt 0:00:05]} Bg7 {[%emt 0:00:04]} 15. e4 {[%emt 0:00:04]} Nd7 {[%emt 0:00:12]} 16. Re1 {[%emt 0:00:34]} Bh6 {[%emt 0:03:06]} 17. e5 {[%emt 0:02:31]} Bxf4 {[%emt 0:00:52]} 18. e6 {[%emt 0:00:04]} Ne5 {[%emt 0:03:03]} 19. Re4 {[%emt 0:01:14]} Qf6 {[%emt 0:09:27]} 20. Qa4 {[%emt 0:05:41]} Bxd2 {[%emt 0:04:41]} 21. Qe8+ {[%emt 0:00:41]} Kg7 {[%emt 0:00:06]} 22. e7 {[%emt 0:00:08]} Bh3 {[%emt 0:10:49]} 23. Qxa8 {[%emt 0:07:39]} Nf3+ {[%emt 0:18:41]} 24. Bxf3 {[%emt 0:15:10]} Qxf3 {[%emt 0:00:11]} 25. Qf8+ {[%emt 0:00:19]} Kf6 {[%emt 0:00:06]} 26. Qxf7+ {[%emt 0:00:43]} Kxf7 {[%emt 0:00:46]} 27. e8=Q+ {[%emt 0:00:06]} Kg7 {[%emt 0:00:14]} 28. Rxb7+ {[%emt 0:00:29]} Kh6 {[%emt 0:00:50]} 29. Rh4+ {[%emt 0:00:10]} Kg5 {[%emt 0:00:09]} 30. Qe7+ {[%emt 0:00:36]} 1-0

[Event "AUT-ch 2018"]
[Site "Vienna"]
[Date "2018.07.23"]
[Round "3"]
[White "Miazhynski, Yuri"]
[Black "Brueck, Michael"]
[Result "1-0"]
[WhiteElo "2147"]
[BlackElo "2000"]
[Annotator "NA"]
[PlyCount "63"]
[EventDate "2018.07.22"]
[EventType "swiss"]
[EventCountry "AUT"]
[SourceTitle "playchess.com"]
[Source "ChessBase"]
[SourceQuality "1"]
[TimeControl "40/5400+30:1800+30"]

1. Nf3 {[%emt 0:00:00]} Nf6 {[%emt 0:00:04]} 2. g3 {[%emt 0:00:05]} b6 {[%emt 0:01:58]} 3. Bg2 {[%emt 0:01:48]} Bb7 {[%emt 0:00:01]} 4. O-O {[%emt 0:00:47]} c5 {[%emt 0:01:01]} 5. c4 {[%emt 0:03:50]} e6 {[%emt 0:00:07]} 6. b3 {[%emt 0:03:36]} Qc7 {[%emt 0:02:45] A30: Symmetrical English: Double Fianchetto and Hedgehog} (6... Be7 7. Bb2 O-O 8. Nc3 d6 9. d4 cxd4 10. Qxd4 a6 11. e4 Nbd7 12. h3 Qc7 13. Rfe1 Rfe8 14. Qe3 Bf8 15. Nd4 g6 16. Rad1 Rad8 17. Ba1 Qb8 18. Qd2 Bg7 19. g4 Nc5 {0-1 (53) Karjakin,S (2760)-Ivanchuk,V (2729) Medias 2017}) 7. Bb2 {[%emt 0:04:28]} Be7 {[%emt 0:06:05]} 8. d3 {[%emt 0:04:26]} Nc6 {[%emt 0:00:16]} 9. Nc3 {[%emt 0:09:45]} Rd8 $146 {[%emt 0:00:02]} ({Predecessor:} 9... a6 10. e4 d6 11. a3 O-O {0-1 (56) Busch,G (1137)-Schellen,S (1654) Frankfurt 2010}) 10. Rc1 {[%emt 0:01:13]} d5 {[%emt 0:01:40]} 11. cxd5 {[%emt 0:00:57]} exd5 {[%emt 0:05:05]} 12. d4 {[%emt 0:00:45]} cxd4 {[%emt 0:12:24]} 13. Nb5 {[%emt 0:07:30]} Qd7 {[%emt 0:01:48]} 14. Nbxd4 {[%emt 0:01:45]} Nxd4 {[%emt 0:00:19]} 15. Nxd4 {[%emt 0:06:28]} O-O {[%emt 0:00:20]} 16. Qd3 {[%emt 0:03:52]} Rfe8 {[%emt 0:08:00]} 17. Nf5 {[%emt 0:06:53]} Bc5 {[%emt 0:19:14]} 18. Bxf6 {[%emt 0:10:19]} gxf6 {[%emt 0:00:01]} 19. Qf3 {[%emt 0:09:14]} Kh8 {[%emt 0:06:56]} 20. Nh6 {[%emt 0:00:47]} Kg7 {[%emt 0:10:59]} 21. Qh5 {[%emt 0:04:33]} Re5 {[%emt 0:01:28]} 22. Qh4 {[%emt 0:00:13]} Bc8 {[%emt 0:01:11]} 23. b4 {[%emt 0:03:38]} Be7 {[%emt 0:01:16]} 24. g4 {[%emt 0:08:19]} f5 {[%emt 0:12:38]} 25. Qh5 {[%emt 0:00:44]} Bxb4 {[%emt 0:01:54]} 26. Nxf5+ $18 {[%emt 0:01:04]} (26. Qg5+ {setzt Matt} Kf8 27. Qg8+ Ke7 28. Qxf7+ Kd6 29. Qf6+ Qe6 30. Nf7+ Kd7 31. Qxd8#) 26... Rxf5 {[%emt 0:01:13]} 27. gxf5 {[%emt 0:00:23]} Qxf5 {[%emt 0:00:20]} 28. Qh4 {[%emt 0:02:05]} Rd6 {[%emt 0:00:58]} 29. Qxb4 {[%emt 0:00:50]} Rg6 {[%emt 0:00:09]} 30. Rc3 {[%emt 0:00:49]} Ba6 {[%emt 0:01:54]} 31. Rg3 {[%emt 0:00:42]} Bxe2 {[%emt 0:00:04]} 32. Qb2+ {[%emt 0:00:10]} 1-0

[Event "AUT-ch 2018"]
[Site "Vienna"]
[Date "2018.07.23"]
[Round "3"]
[White "Atzl, Florian"]
[Black "Gelbenegger, Patrick"]
[Result "1/2-1/2"]
[WhiteElo "2117"]
[BlackElo "2260"]
[Annotator "NA"]
[PlyCount "62"]
[EventDate "2018.07.22"]
[EventType "swiss"]
[EventCountry "AUT"]
[SourceTitle "playchess.com"]
[Source "ChessBase"]
[SourceQuality "1"]
[TimeControl "40/5400+30:1800+30"]

1. e4 {[%emt 0:00:00]} e5 {[%emt 0:00:04]} 2. Nf3 {[%emt 0:00:00]} Nc6 {[%emt 0:00:04]} 3. Bc4 {[%emt 0:00:00]} Bc5 {[%emt 0:00:03]} 4. c3 {[%emt 0:00:01]} Nf6 {[%emt 0:00:04]} 5. d3 {[%emt 0:00:06]} d6 {[%emt 0:00:13]} 6. h3 {[%emt 0:00:30]} h6 {[%emt 0:00:23]} 7. Bb3 {[%emt 0:00:54]} O-O {[%emt 0:00:09]} 8. O-O {[%emt 0:00:12]} Be6 {[%emt 0:01:27]} 9. Qe2 {[%emt 0:01:30]} Bxb3 {[%emt 0:02:09]} 10. axb3 {[%emt 0:00:38]} Qe7 {[%emt 0:01:00]} 11. b4 {[%emt 0:01:12]} Bb6 {[%emt 0:00:17]} 12. Be3 {[%emt 0:01:51]} Bxe3 {[%emt 0:01:09]} 13. Qxe3 {[%emt 0:02:48]} a6 {[%emt 0:02:53]} 14. Nbd2 {[%emt 0:01:43]} d5 {[%emt 0:00:17]} 15. Rfd1 {[%emt 0:00:57]} dxe4 {[%emt 0:00:12]} 16. dxe4 {[%emt 0:00:09]} Rad8 {[%emt 0:00:57]} 17. Nf1 {[%emt 0:00:44]} Rxd1 {[%emt 0:01:13]} 18. Rxd1 {[%emt 0:00:42]} Rd8 {[%emt 0:01:21]} 19. Rxd8+ {[%emt 0:04:26]} Qxd8 {[%emt 0:00:29]} 20. Qd2 {[%emt 0:00:13]} Qxd2 {[%emt 0:01:03]} 21. N1xd2 {[%emt 0:00:23]} Nd7 {[%emt 0:00:16]} 22. Kf1 {[%emt 0:00:20]} f6 {[%emt 0:00:24]} 23. Ke2 {[%emt 0:00:15]} Kf7 {[%emt 0:00:09]} 24. Nc4 {[%emt 0:01:50]} Ke6 {[%emt 0:00:47]} 25. Ne3 {[%emt 0:01:07]} Ne7 {[%emt 0:00:47]} 26. Nh4 {[%emt 0:01:09]} g6 {[%emt 0:00:58]} 27. g4 {[%emt 0:00:51]} Nf8 {[%emt 0:00:34]} 28. f3 {[%emt 0:01:31]} Kd6 {[%emt 0:01:29]} 29. Nc4+ {[%emt 0:01:23]} Kd7 {[%emt 0:00:21]} 30. Ke3 {[%emt 0:01:30]} Ne6 {[%emt 0:00:13]} 31. Ng2 {[%emt 0:00:09]} b6 {[%emt 0:00:45] Kd4} 1/2-1/2

[Event "AUT-ch 2018"]
[Site "Vienna"]
[Date "2018.07.23"]
[Round "3"]
[White "Wagner, Leopold Franziskus"]
[Black "Opietnik, Christoph"]
[Result "1-0"]
[WhiteElo "2108"]
[BlackElo "1983"]
[Annotator "NA"]
[PlyCount "61"]
[EventDate "2018.07.22"]
[EventType "swiss"]
[EventCountry "AUT"]
[SourceTitle "playchess.com"]
[Source "ChessBase"]
[SourceQuality "1"]
[TimeControl "40/5400+30:1800+30"]

1. Nf3 {[%emt 0:00:00]} d5 2. g3 {[%emt 0:00:00]} Nf6 {[%emt 0:00:42]} 3. Bg2 {[%emt 0:00:00]} e6 {[%emt 0:01:55]} 4. O-O c5 {[%emt 0:00:36]} 5. e3 {[%emt 0:00:47]} Nc6 {[%emt 0:01:36]} 6. d4 {[%emt 0:00:11]} b6 {[%emt 0:03:11]} 7. Ne5 {[%emt 0:00:35]} Bb7 {[%emt 0:01:29]} 8. c3 {[%emt 0:00:29]} Bd6 {[%emt 0:02:53]} 9. f4 Ne4 {[%emt 0:07:52]} 10. Bxe4 {[%emt 0:02:20]} dxe4 {[%emt 0:00:07]} 11. Nd2 {[%emt 0:00:13]} Ne7 {[%emt 0:06:36]} 12. Qa4+ {[%emt 0:02:03]} Kf8 {[%emt 0:02:12]} 13. Ndc4 {[%emt 0:00:50]} cxd4 {[%emt 0:05:29]} 14. cxd4 {[%emt 0:02:09]} g6 {[%emt 0:01:12]} 15. Bd2 {[%emt 0:01:43]} Nd5 {[%emt 0:03:28]} 16. Nd7+ {[%emt 0:01:35]} Ke7 {[%emt 0:02:32]} 17. Nxd6 {[%emt 0:02:04]} Kxd6 {[%emt 0:00:04]} 18. Bb4+ {[%emt 0:04:15]} Nxb4 {[%emt 0:01:09]} 19. Ne5 {[%emt 0:01:31]} Ke7 {[%emt 0:02:27]} 20. Qxb4+ {[%emt 0:00:47]} Kf6 {[%emt 0:00:50]} 21. g4 {[%emt 0:00:26]} Kg7 {[%emt 0:01:04]} 22. f5 {[%emt 0:01:36]} Rf8 {[%emt 0:07:49]} 23. f6+ {[%emt 0:00:38]} Kg8 {[%emt 0:01:49]} 24. Qe1 {[%emt 0:03:45]} Qd6 {[%emt 0:00:24]} 25. Qh4 {[%emt 0:00:49]} Rfd8 {[%emt 0:04:47]} 26. Rac1 {[%emt 0:02:01]} Rac8 {[%emt 0:03:16]} 27. Nxf7 {[%emt 0:00:43]} Rxc1 {[%emt 0:06:37]} 28. Nxd6 {[%emt 0:00:12]} Rxf1+ {[%emt 0:00:07]} 29. Kxf1 {[%emt 0:00:04]} Rxd6 {[%emt 0:00:07]} 30. f7+ {[%emt 0:00:13]} Kg7 {[%emt 0:02:06]} 31. Qe7 {[%emt 0:00:10]} 1-0

[Event "AUT-ch 2018"]
[Site "Vienna"]
[Date "2018.07.23"]
[Round "3"]
[White "Schloffer, Jasmin-Denise"]
[Black "Khalakhan, Jurij"]
[Result "1/2-1/2"]
[WhiteElo "2102"]
[BlackElo "2215"]
[Annotator "NA"]
[PlyCount "79"]
[EventDate "2018.07.22"]
[EventType "swiss"]
[EventCountry "AUT"]
[SourceTitle "playchess.com"]
[Source "ChessBase"]
[SourceQuality "1"]
[TimeControl "40/5400+30:1800+30"]

1. d4 {[%emt 0:00:00]} f5 {[%emt 0:00:05]} 2. Nf3 {[%emt 0:00:00]} Nf6 {[%emt 0:00:05]} 3. g3 {[%emt 0:00:00]} d6 {[%emt 0:00:19]} 4. Bg2 {[%emt 0:00:00]} g6 {[%emt 0:00:01]} 5. O-O {[%emt 0:00:06]} Bg7 {[%emt 0:00:05]} 6. c4 {[%emt 0:00:06]} O-O {[%emt 0:00:04]} 7. Nc3 {[%emt 0:00:10]} Nc6 {[%emt 0:00:14]} 8. d5 {[%emt 0:06:07]} Ne5 {[%emt 0:00:39]} 9. Qb3 {[%emt 0:00:55]} h6 {[%emt 0:08:45] A89: Dutch Defence: Leningrad System: 5 Nf3 0-0 6 0-0 d6 7 Nc3 Nc6} (9... Ned7 10. Qc2 a5 11. Bg5 Nc5 12. Rad1 Bd7 13. Nd4 Qe8 14. Rfe1 Ng4 15. h3 h6 16. Bc1 Nf6 17. e4 fxe4 18. Nxe4 Nfxe4 19. Bxe4 Bxh3 20. Bxg6 {1-0 (46) Illescas Cordoba,M (2618)-Rapport,R (2704) Tromsoe 2014 CBM 162 [Meulders,R]}) 10. Nd4 {[%emt 0:02:29]} g5 {[%emt 0:10:13]} 11. f4 {[%emt 0:11:24]} gxf4 {[%emt 0:01:31]} 12. Bxf4 {[%emt 0:00:18]} Ng6 $146 {[%emt 0:02:00]} ({Predecessor:} 12... Nh5 13. e3 Ng4 14. Nce2 Bd7 15. c5 dxc5 16. d6+ Kh8 17. dxc7 {1-0 (52) Campos Moreno,J (2491)-Fernando,D (2257) Orense 2000}) 13. e3 {[%emt 0:01:18]} Kh8 {[%emt 0:08:34]} 14. Nce2 {[%emt 0:01:54]} Ne4 {[%emt 0:19:46]} 15. Qc2 {[%emt 0:03:21]} c5 {[%emt 0:01:12]} 16. Nb5 {[%emt 0:01:25]} a6 {[%emt 0:01:51]} 17. Nbc3 {[%emt 0:00:27]} Nxc3 {[%emt 0:00:18]} 18. Nxc3 {[%emt 0:00:09]} Rb8 {[%emt 0:01:26]} 19. a4 {[%emt 0:06:11]} Bd7 {[%emt 0:06:48]} 20. Rfb1 {[%emt 0:14:36]} b5 {[%emt 0:04:54]} 21. axb5 {[%emt 0:07:04]} axb5 {[%emt 0:00:23]} 22. Nxb5 {[%emt 0:00:34]} Bxb5 {[%emt 0:00:19]} 23. cxb5 {[%emt 0:00:04]} Rxb5 {[%emt 0:01:28]} 24. Bf1 {[%emt 0:00:07]} Rb4 {[%emt 0:01:31]} 25. Ra4 {[%emt 0:03:02]} Qb6 {[%emt 0:03:57]} 26. Rxb4 {[%emt 0:00:19]} Qxb4 {[%emt 0:00:27]} 27. Bd3 {[%emt 0:03:59]} Nxf4 {[%emt 0:07:27]} 28. gxf4 {[%emt 0:00:17]} Qb7 {[%emt 0:10:54]} 29. Bc4 {[%emt 0:03:18]} Qd7 {[%emt 0:09:07]} 30. Kh1 {[%emt 0:01:19]} Qb7 {[%emt 0:00:24]} 31. b3 {[%emt 0:04:05]} e5 {[%emt 0:00:11]} 32. fxe5 {[%emt 0:01:46]} Bxe5 {[%emt 0:01:00]} 33. Rg1 {[%emt 0:01:30]} Qe7 {[%emt 0:00:27]} 34. Qg2 {[%emt 0:03:21]} Qh4 {[%emt 0:00:28]} 35. Bd3 {[%emt 0:01:32]} Qf6 {[%emt 0:00:35]} 36. Qg6 {[%emt 0:02:10]} Qxg6 {[%emt 0:00:15]} 37. Rxg6 {[%emt 0:00:07]} Rf6 {[%emt 0:00:02]} 38. Rxf6 $11 {[%emt 0:05:02]} Bxf6 {[%emt 0:00:02]} 39. Bxf5 {[%emt 0:00:09]} Be5 {[%emt 0:00:07]} 40. Bd3 {[%emt 0:00:22]} 1/2-1/2

[Event "AUT-ch 2018"]
[Site "Vienna"]
[Date "2018.07.23"]
[Round "3"]
[White "Ehs, Dominik"]
[Black "Kersten, Julian"]
[Result "1/2-1/2"]
[WhiteElo "2097"]
[BlackElo "1979"]
[Annotator "NA RC"]
[PlyCount "81"]
[EventDate "2018.07.22"]
[EventType "swiss"]
[EventCountry "AUT"]
[SourceTitle "playchess.com"]
[Source "ChessBase"]
[SourceQuality "1"]
[TimeControl "40/5400+30:1800+30"]

1. e4 {[%emt 0:00:00]} e6 {[%emt 0:00:11]} 2. d4 {[%emt 0:00:00]} d5 {[%emt 0:00:06]} 3. Nd2 {[%emt 0:00:00]} c5 {[%emt 0:00:06]} 4. exd5 {[%emt 0:00:27]} Qxd5 {[%emt 0:00:08]} 5. Ngf3 {[%emt 0:00:30]} cxd4 {[%emt 0:00:14]} 6. Bc4 {[%emt 0:00:11]} Qd7 {[%emt 0:00:05] C07: French Tarrasch: 3...c5, 4 Ngf3 and 4 exd5 Qxd5} (6... Qd8 7. O-O Nc6 8. Nb3 a6 9. Nbxd4 Nxd4 10. Nxd4 Qc7 11. Bd3 Nf6 12. Re1 Bd6 13. h3 O-O 14. Bg5 Be5 15. c3 h6 16. Nf3 Bxc3 {1-0 (51) Mamedov,R (2709)-Le,Q (2737) Huaian 2017}) 7. O-O {[%emt 0:00:45]} Nc6 {[%emt 0:01:48]} 8. Nb3 {[%emt 0:00:54]} a6 {[%emt 0:00:07]} 9. Nbxd4 {[%emt 0:01:22]} Nxd4 {[%emt 0:00:09]} 10. Qxd4 {[%emt 0:06:53]} Qxd4 {[%emt 0:00:42]} 11. Nxd4 {[%emt 0:00:10]} Bd7 {[%emt 0:01:48]} 12. c3 {[%emt 0:08:11]} Nf6 {[%emt 0:02:18]} 13. Re1 {[%emt 0:09:12]} Be7 $146 {[%emt 0:04:28]} ({Predecessor:} 13... Rc8 14. Be2 Bc5 15. Nb3 Bb6 16. Bf3 Bc6 17. Be3 Bxe3 18. Rxe3 Bxf3 19. Rxf3 Ke7 20. Rd1 {0-1 (50) Forchert,M (2282)-Kabatianski,A (2307) Germany 2017}) 14. Bg5 {[%emt 0:05:30]} O-O {[%emt 0:02:46]} 15. Rad1 {[%emt 0:02:39]} Rfd8 {[%emt 0:02:58]} 16. Bb3 {[%emt 0:13:26]} Rac8 {[%emt 0:00:58]} 17. h3 {[%emt 0:07:07]} Kf8 {[%emt 0:08:23]} 18. f4 {[%emt 0:10:06]} Ng8 {[%emt 0:03:34]} 19. Bxe7+ {[%emt 0:07:14]} Nxe7 {[%emt 0:01:34]} 20. g4 {[%emt 0:00:05]} Nc6 {[%emt 0:04:11]} 21. Nf3 {[%emt 0:02:52]} Na5 {[%emt 0:02:49]} 22. Ne5 {[%emt 0:02:23]} Be8 {[%emt 0:07:53]} 23. Kf2 {[%emt 0:03:00]} Nc6 {[%emt 0:06:43]} 24. Nc4 {[%emt 0:03:17]} Rxd1 {[%emt 0:03:52]} 25. Rxd1 {[%emt 0:00:05]} Rd8 {[%emt 0:04:19]} 26. Nd6 {[%emt 0:04:17]} Na5 {[%emt 0:00:48]} 27. Ne4 {[%emt 0:02:14]} Rxd1 {[%emt 0:01:17]} 28. Bxd1 {[%emt 0:00:05]} Nc4 {[%emt 0:03:21]} 29. b3 {[%emt 0:00:56]} Nb6 {[%emt 0:07:01]} 30. c4 {[%emt 0:00:16]} Bc6 {[%emt 0:00:39]} 31. Bf3 {[%emt 0:04:28]} Nc8 {[%emt 0:01:13]} 32. Nc5 {[%emt 0:01:52]} Bxf3 {[%emt 0:00:19]} 33. Kxf3 {[%emt 0:00:04]} Nd6 {[%emt 0:00:23]} 34. Ke3 {[%emt 0:02:15]} Ke7 {[%emt 0:00:23]} 35. Kd4 {[%emt 0:00:23]} Kd8 {[%emt 0:04:34]} 36. a3 {[%emt 0:01:46]} Kc7 {[%emt 0:00:42]} 37. b4 {[%emt 0:00:17]} Nc8 {[%emt 0:12:54]} 38. Nd3 {[%emt 0:01:09]} Ne7 {[%emt 0:03:00]} 39. Ke4 {[%emt 0:01:11]} Nc6 $14 {[%emt 0:01:54]} 40. h4 {[%emt 0:01:47]} Kd6 {[%emt 0:33:35]} 41. Nc5 {[%emt 0:13:54] Ke5+} 1/2-1/2

[Event "AUT-ch 2018"]
[Site "Vienna"]
[Date "2018.07.23"]
[Round "3"]
[White "Hatzl, Johannes"]
[Black "Windhager, Hannes"]
[Result "0-1"]
[WhiteElo "2068"]
[BlackElo "2203"]
[Annotator "TA"]
[PlyCount "144"]
[EventDate "2018.07.22"]
[EventType "swiss"]
[EventCountry "AUT"]
[SourceTitle "playchess.com"]
[Source "ChessBase"]
[SourceQuality "1"]

{[%evp 16,144,10,-8,41,47,43,-14,0,0,0,0,0,0,0,-187,-194,-193,-193,-186,-177,-174,-173,-156,-145,-145,0,-106,-112,-166,-165,-195,-177,-179,-171,-170,-170,-170,-166,-173,-167,-193,-195,-186,-164,-164,-180,-194,-152,-154,-139,-267,-267,-264,-260,-287,-263,-358,-357,-354,-350,-353,-283,-272,-83,-351,-112,-535,-455,-535,-528,-524,-521,-521,-338,-507,-506,-491,-331,-331,-315,-1048,-990,-1558,-1717,-1061,-747,-543,-331,-29959,-29958,-29965,-29966,-29967,-29968,-29970,-29971,-29971,-29969,-29967,-29970,-29968,-29951,-12225,-12190,-6621,-6621,-4795,-4795,-29978,-29979,-29979,-29979,-29979,-29980,-29982,-29983,-29982,-29983,-29983,-29984,-29985,-29986,-29987,-29985,-29983,-29979,-29987,-29988,-29989,-29990]} 1. e4 c5 2. c3 d5 3. exd5 Qxd5 4. d4 Nf6 5. Nf3 Bg4 6. dxc5 Qxd1+ 7. Kxd1 Nc6 8. h3 {B22: Sicilian: 2 c3} Bxf3+ (8... O-O-O+ 9. Ke1 Bxf3 10. gxf3 e6 11. b4 Be7 12. a3 Rd5 13. Ra2 Rf5 14. f4 Rd8 15. Rg1 Nh5 {1-0 (51) Zhigalko,S (2667)-Negi,P (2658) Baku 2012}) 9. gxf3 {LiveBook: 3 Games} a5 10. Bb5 {White is slightly better.} e6 11. b4 (11. Be3 $14) 11... axb4 $146 ({Predecessor:} 11... Nd5 12. Bd2 Be7 13. a3 O-O 14. Ra2 axb4 15. Bxc6 b3 16. Bxd5 bxa2 17. Bxa2 Bxc5 {1-0 (50) Howell,D (2528)-Ward,C (2440) Southend 2008}) 12. Bxc6+ $1 bxc6 13. cxb4 Nd5 14. Bd2 $1 g6 $36 {[%mdl 2048] Black has good play.} 15. Bc3 $2 {[#]} (15. a3 $11) 15... Nxc3+ $19 16. Nxc3 Bg7 17. Rc1 Ra3 18. Ne4 Rxa2 19. Rc2 Ra1+ 20. Rc1 Ra2 {aiming for ...f5.} 21. Rc2 Ra4 22. Rc4 (22. Ke2 $17) 22... Ke7 23. Ke2 Ra2+ 24. Kf1 Rb8 25. Kg2 Rb2 26. Rd1 Be5 ({Don't play} 26... R2xb4 27. Rxb4 Rxb4 28. Rd6 $17) 27. Rd3 R8xb4 28. Rxb4 Rxb4 {[%mdl 4096] Endgame KRB-KRN} 29. Ra3 Rb7 30. Ra6 Rc7 31. Nd2 f5 32. Nb3 Bc3 33. Na5 (33. f4 $17 {was called for.}) 33... Bxa5 $1 34. Rxa5 {KR-KR} e5 35. Kg3 Ke6 36. f4 e4 37. f3 exf3 38. Kxf3 Kd5 39. h4 h6 $2 (39... Rd7 $19 {White must now prevent ...Rb7.} 40. h5 gxh5) 40. Ke3 $2 {[%mdl 8192]} (40. Ra8 $17 {was forced.}) 40... Kc4 $2 (40... Rb7 $19 {is more deadly. ...Rb3+ is the strong threat.} 41. Ra1 Kxc5 42. Rc1+ Kd5 43. Rd1+ Ke6) 41. h5 $2 {[%mdl 8192]} (41. Ra4+ $17 Kd5 42. Kf3) 41... gxh5 42. Ra1 Rf7 43. Rc1+ Kd5 44. Rc2 h4 45. Rh2 Kxc5 46. Rxh4 Rf6 47. Rh1 Re6+ 48. Kd3 $2 (48. Kf3) 48... Re4 49. Rxh6 Rxf4 50. Rf6 Rd4+ 51. Kc3 Rd5 52. Rf8 $2 {[#]} (52. Re6 $19) 52... Kd6 53. Kc4 Ke5 54. Re8+ Kf4 55. Re1 Kg3 56. Re6 Rd1 57. Rg6+ Kf3 58. Kc3 Rc1+ 59. Kd2 Rc5 60. Ke1 f4 {[%cal Bf5f4,Bf4f3,Bf3f2][%mdl 32]} 61. Rg8 Re5+ 62. Kd2 Kf2 {Black mates.} 63. Rg6 c5 64. Rf6 f3 65. Rf8 Rd5+ 66. Kc2 Ke2 67. Re8+ Kf1 68. Rf8 f2 69. Rg8 Re5 70. Kd2 c4 71. Rg3 Rd5+ 72. Kc2 Ke2 {Precision: White = 35%, Black = 74%.} 0-1

[Event "AUT-ch 2018"]
[Site "Vienna"]
[Date "2018.07.23"]
[Round "3"]
[White "Feit, Florian"]
[Black "Hofegger, Jakob"]
[Result "1-0"]
[WhiteElo "2012"]
[BlackElo "2147"]
[Annotator "TA"]
[PlyCount "139"]
[EventDate "2018.07.22"]
[EventType "swiss"]
[EventCountry "AUT"]
[SourceTitle "playchess.com"]
[Source "ChessBase"]
[SourceQuality "1"]

{[%evp 13,139,0,29,-30,-25,-27,-4,-25,-27,-38,0,0,0,-39,-4,-17,-17,-29,-14,-21,0,0,0,0,7,0,22,34,24,24,32,0,0,0,17,0,0,-15,-22,-20,0,-31,-23,-59,-47,-96,-16,-104,-125,-180,-186,-186,-185,-199,-179,-179,-158,-190,-178,-262,-265,-263,-261,-264,-264,-257,-252,-252,-249,-275,-270,-293,-296,-297,-295,-302,-287,-285,-260,-272,-261,-291,-269,-291,-283,-298,-280,-283,-268,-289,-269,-318,-315,-318,-305,-337,-311,-304,-304,-297,-289,-289,-289,-375,-369,-377,-377,-474,-469,-367,-112,-112,0,0,479,453,849,852,844,828,791,778,29989,29990,29990,29991,29991,29992]} 1. e4 e6 2. d4 d5 3. exd5 exd5 4. Nf3 Bd6 5. c4 c6 6. Nc3 Nf6 7. Bg5 dxc4 {LiveBook: 3 Games. C01: French: Exchange Variation} (7... O-O 8. cxd5 h6 9. Bh4 Qb6 10. Qd2 Nxd5 11. Bg3 Bxg3 12. hxg3 Bg4 13. Bd3 Re8+ 14. Kf1 Nd7 15. Nxd5 cxd5 {1-0 (55) Kramnik,V (2765)-Polgar,J (2665) Novgorod 1996 CBM 054 [Knaak,R]}) 8. Be2 ({Better is} 8. Bxc4 Qe7+ 9. Kf1) 8... O-O 9. O-O h6 {Black has an edge.} 10. Bh4 (10. Bxf6 $5 Qxf6 11. Ne4 $11 (11. Bxc4 Bf5 $11)) 10... Be6 11. Ne5 Be7 $146 ({Predecessor:} 11... Bxe5 12. dxe5 Qxd1 13. Raxd1 Ng4 14. Bxg4 Bxg4 15. Rd4 Bf5 {½-½ (45) Kulesza,M (2253)-Wisniewski,A (2371) Frydek Mistek 2004}) 12. Nxc4 Nbd7 13. Ne5 Qc7 14. Bg3 Bd6 {[%cal Rd7e5]} 15. f4 Rad8 16. Qc2 Rfe8 17. Kh1 Nb6 18. Rae1 Qc8 19. Bh4 Be7 (19... Bf5 $5 {[%cal Rf5c2]} 20. Qb3 Qc7 $11) 20. f5 Bd5 $1 21. Nxd5 Nbxd5 22. Qb3 Qc7 23. Bc4 Qb6 24. Qxb6 axb6 25. h3 b5 26. Bb3 $1 Kf8 27. Re2 Nh5 28. Bxe7+ Rxe7 29. Kh2 Nhf4 (29... Ndf4 $17 30. Re4 f6) 30. Ref2 (30. Re4 $1 $11 {remains equal.}) 30... f6 $36 {[%mdl 2048] Black has strong initiative.} 31. Ng6+ (31. Nf3 $17) 31... Nxg6 $19 32. fxg6 Ne3 33. Rc1 Rxd4 34. Rc3 Nd5 35. Rc5 Nb6 36. Bf7 (36. Rc3 $142) 36... Nd7 37. Rc3 Ne5 38. Ra3 {White wants to mate with Ra8+.} Nxf7 39. gxf7 {[%mdl 4096] Endgame KRR-KRR} Rd8 40. Ra7 Kxf7 41. Rc2 g5 42. a4 bxa4 43. Rxa4 Kg6 44. Ra7 Rdd7 45. Ra8 Kg7 46. Rc8 Rd5 47. Ra8 Rb5 48. Ra7 Kf7 49. Ra8 Kg6 50. Rg8+ Kh7 51. Rc8 h5 {[%cal Bh6h5,Bh5h4][%mdl 32]} 52. Rd2 h4 53. Rf2 Kg7 54. Rd2 Rb4 55. Ra8 Kg6 56. Rg8+ Kf5 57. Rf8 Re6 58. Rf2+ Rf4 59. Rd2 Rf1 60. g4+ Kf4 61. Kg2 Ke3 $2 (61... Rf3 $19 {has better winning chances. White must now prevent ...Rg3+.} 62. Rc2 b5) 62. Rfd8 $17 {[#]} Rb1 (62... Rf4 $1 $17 {And now ...b6 would win.} 63. R8d3+ Ke4) 63. R8d3+ $11 Ke4 $2 {[%mdl 8192] [#]} (63... Kf4 $1 $11 64. Rf2+ (64. Rf3+ Ke4 $11) 64... Ke4) 64. Kf2 $1 $18 {Threatening mate with Re3+.} Rxb2 (64... f5 $142) 65. Re3+ Kf4 66. Rf3+ Ke5 67. Rxb2 {Rd2 is the strong threat.} b5 68. Rd2 {White mates.} f5 69. Rxf5+ Ke4 70. Re2+ {Precision: White = 35%, Black = 47%.} 1-0